Open Data Biblioteca Nacional de Portugal


República Portuguesa: Ministério da Cultura
Biblioteca Nacional de Portugal

Catálogo da BNP: acesso por Identificadores Unívocos
Registos Bibliográficos associados ao registo de autoridade

Etiqueta de registo: 00000nam 2200025 450
001 2282688
003 http://id.bnportugal.gov.pt/bib/catbnp/2282688
100 ## $a20260323d2025 k y0pory01030103ba
101 0# $aeng$dpor
102 ## $aPT
105 ## $aa m 000yy
106 ## $ar
200 1# $aFim de vida e morte em ERPI$eperspetivas, atitudes e diretrizes para cuidados (mais) humanizados$dEnd-of-life and death in RCF$eperspectives, attitudes and guidelines for (more) humanized care$fCristiana Elisete Pinto do Nascimento$gorient. Margarida de Melo Cerqueira, Paula Ângela Coelho Henriques dos Santos$zeng
210 #9 $aAveiro$c[s.n.],$d2025
215 ## $a1 v.$cil.$d30 cm
300 ## $aAcesso não autorizado por um periodo de 2 anos
328 #1 $aTese dout. Gerontologia e Geriatria, Universidade de Aveiro, Universidade do Porto, 2025
510 1# $aEnd-of-life and death in RCF$eperspectives, attitudes and guidelines for (more) humanized care$zeng
700 #1 $aNascimento,$bCristiana Elisete Pinto do$31993085
702 #1 $aCerqueira,$bMargarida$4727$31224038
702 #1 $aSantos,$bPaula Ângela Coelho Henriques dos$4727$31504751
801 #0 $aPT$bBN$gRPC
966 ## $lBN$mFGMON
971 ## $corlando$d20260323

OpendataBNP@bnportugal.pt | Mais informação sobre acesso aos dados BNP